Gdzie Ronnie Ferrari na*********? - Statystyki

Ogólne statystyki
  • Ten quiz został rozwiązany 108 razy
  • Średni wynik to 6 z 8
Statystyki odpowiedzi
Odpowiedź % Poprawnych
w... Wawce
95%
w... Gdańsku
87%
w... Płocku
82%
w... Łodzi
81%
w... Białym
73%
zawsze
71%
w... Stanach
65%
w... Włocku
37%
Nie znaleziono quizów pasujących do podanych kryteriów
Rozkład punktacji
Procent ludzi z każdym wynikiem
Percentyl według liczby udzielonych odpowiedzi
Twoja historia wyników
Nie rozwiązałeś tego quizu